000 00381 a2200157 4500
020 _a8127225878
082 _a330
090 _c3318
_d3318
100 _aChopra,P.N.
245 _aAdvanced Economic Theory Micro & Macro
_cP.N.Chopra
250 _a11th
260 _aNew Delhi
_bKalyani Publishers
_c2006
300 _a213p
500 _aPaper cover
942 _aNBS
_cBK
_k330 CHO
999 _c345802
_d345802